000 00523nam a2200157 a 4500
001 000032646
005 20200930065744.0
008 110725s1995 sp 000 0 spa d
040 _aDO-SdBNP
_bspa
_cBNPHU
245 0 0 _aEntre antes sobre despĂșes del anti-cine /
_cFrancisco Ayala ...[et al.].
260 _aMadrid :
_bConsejo Superior de Investigaciones CientĂ­ficas ,
_c1995.
300 _a224 p. : ;
_c21 cm.
700 1 _aMaquia, Javier
_958533
700 1 _aDel Barco, Pablo
_958534
700 1 _aMaderuelo, Javier
_958535
999 _c32137
_d32137